Statistics for Canadian Prime Ministers Quiz

Click here to take the quiz!

General Stats

  • This quiz has been taken 38,700 times
    (32,437 since last reset)
  • The average score is 11 of 23

Answer Stats

TermPartyPrime Minister% Correct
2015–LiberalJustin Trudeau
99%
1968–1979, 1980–1984LiberalPierre Trudeau
97%
2006–2015ConservativeStephen Harper
82%
1867–1873, 1878–1891ConservativeSir John A. Macdonald
72%
1993–2003LiberalJean Chrétien
63%
1993ConservativeKim Campbell
58%
1984–1993ConservativeBrian Mulroney
57%
1921–1926, 1926–1930, 1935–1948LiberalMackenzie King
57%
2003–2006LiberalPaul Martin
53%
1896–1911LiberalSir Wilfrid Laurier
53%
1963–1968LiberalLester B. Pearson
49%
1873–1878LiberalAlexander Mackenzie
48%
1957–1963ConservativeJohn Diefenbaker
47%
1979–1980ConservativeJoe Clark
44%
1911–1920ConservativeSir Robert Borden
40%
1984LiberalJohn Turner
37%
1948–1957LiberalLouis St. Laurent
33%
1930–1935ConservativeR.B. Bennett
30%
1896ConservativeSir Charles Tupper
28%
1920–1921, 1926ConservativeArthur Meighen
26%
1891–1892ConservativeSir John Abbott
25%
1894–1896ConservativeSir Mackenzie Bowell
23%
1892–1894ConservativeSir John Thompson
22%

Score Distribution

Percentile by Number Answered

Percent of People with Each Score

Your Score History

You have not taken this quiz since the last reset